Normal view
MARC view
Entry Personal Name
001 - CONTROL NUMBER
- control field: 17374
003 - CONTROL NUMBER IDENTIFIER
- control field: OSt
005 - DATE AND TIME OF LATEST TRANSACTION
- control field: 20240617145132.0
008 - FIXED-LENGTH DATA ELEMENTS
- fixed length control field: 240617|| aca||aabn | a|a d
040 ## - CATALOGING SOURCE
- Original cataloging agency: OSt
- Transcribing agency: OSt
100 ## - HEADING--PERSONAL NAME
- Personal name: Houston, K.
- Fuller form of name: (Ken)
670 ## - SOURCE DATA FOUND
- Source citation: Work cat.: (OSt)8562: Berry, J. (John Stephen), 1947- 17373, Mathematical modelling /, 1995.
